On This Day (January 28th) Multiple Choice - Statistics

General Stats
  • This quiz has been taken 16 times
    6 since last reset
  • The average score is 6 of 16
Answer Stats
Question Answer % Correct
1547 – At what age does Edward VI, the son of Henry VIII, become King of England on the day of his father's death ? 9
80%
1965 – The current design of which nation's flag is chosen by an act of Parliament ? Canada
60%
1956 - Which singer made his first appearance on National TV on the "Dorsey Bros Stage Show" ? Elvis Presley
60%
1813 – Which of Jane Austen's novels is first published in the United Kingdom ? Pride and Prejudice
60%
1932 - Japanese forces attack which Chinese city ?. Shanghai
60%
1896 – Walter Arnold of East Peckham, Kent, UK becomes the first person to be convicted of what traffic related offence ? Speeding
60%
1624 – Sir Thomas Warner founds the first British colony in the Caribbean, on which island ? Saint Kitts
40%
1986 - Space Shuttle Challenger explodes how many seconds after liftoff from Cape Canaveral with the tragic loss of all on board ? 73
20%
2017 – Geoff Nicholls, British musician dies on this day of lung cancer at the age of 72. Which rock band was he a member of ? Black Sabbath
20%
2006 – The roof of one of the buildings at the International Fair in which Polish city collapses due to the weight of snow, killing 65 and injuring more than 170 others ? Katowice
20%
2013 - Iran’s Pishgam rocket successfully completes a return trip after sending what type of animal into space ? Monkey
20%
1955 – Nicolas Sarkozy, French lawyer and politician, and 23rd President of France is born in which French city ? Paris
20%
1980 – USCGC Blackthorn collides with the tanker Capricorn and capsizes while leaving which port, killing 23 Coast Guard crewmembers ? Tampa, Florida
20%
1915 - The first US ship is lost during WW I, the William P Frye was carrying what cargo to the UK ? Wheat
20%
1956 - Science student, and later astronaut, Neil Armstrong marries fellow student Janet Elizabeth Shearon in which city ? Wilmette, Illinois
20%
2021 - A leak at a poultry processing plant in Georgia kills six people, but what leaked? Nitrogen
0%
No matching quizzes found
Score Distribution
Percent of People with Each Score
Percentile by Number Answered
Your Score History
You have not taken this quiz since the last reset